000
00274nam a22001217a 4500
008
170620b xxu||||| |||| 00| 0 eng d
041
_a
eng
080
_a
32
100
_a
20
101
_a
shp
245
_a
A KA SJELLE NDRYSHIME I PAQES NE KOSOVE?
_c
CARE
942
_2
udc
_c
BK
999
_c
18330
_d
18330